[Event "58th World Juniors 2019"]
[Site "New Delhi IND"]
[Date "2019.10.15"]
[Round "1.3"]
[White "Aravindh, Chithambaram VR."]
[Black "Wang, Shixu B"]
[Result "1/2-1/2"]
[WhiteTitle "GM"]
[WhiteElo "2609"]
[BlackElo "2370"]
[WhiteFideId "5072786"]
[BlackFideId "8610665"]
[EventDate "2019.10.15"]

1. d4 Nf6 2. c4 e6 3. Nf3 d5 4. Nc3 Be7 5. Bf4 O-O 6. a3 b6 7. e3 Bb7 8. cxd5
Nxd5 9. Nxd5 exd5 10. b4 Nd7 11. Bd3 c6 12. Qc2 h6 13. O-O a5 14. b5 c5 15. Bh7+
Kh8 16. Bf5 c4 17. Rfe1 Nf6 18. Ne5 Nh5 19. Bg4 Nxf4 20. exf4 Bf6 21. g3 Qd6 22.
Re3 Bc8 23. Bh5 Ra7 24. Rae1 g6 25. Bf3 Bf5 26. Qe2 Rc7 27. Qd2 Kg7 28. h4 h5
29. Bd1 Re7 30. Bc2 Bxc2 31. Qxc2 Rfe8 32. Qe2 Bxe5 33. fxe5 Qd7 34. a4 Qg4 35.
Qd2 f6 36. Kg2 fxe5 37. dxe5 Qe6 38. Rf3 Rf8 39. Rf4 Rf6 40. Rxf6 1/2-1/2